[Event "IV Open Citta di Castellaneta"]
[Site "Castellaneta (TA)"]
[Date "2000.08.29"]
[Round "1"]
[White "Raineri, Valerio"]
[Black "Gorbatow, Alexej"]
[Result "0-1"]
[WhiteElo "2136"]
[BlackElo "2411"]
[PlyCount "42"]
[EventDate "2000.08.??"]

1. e4 c5 2. Nf3 e6 3. d3 d5 4. Nbd2 Nc6 5. g3 Bd6 6. Bg2 Nge7 7. O-O O-O 8. Re1
Bc7 9. e5 Ng6 10. Nb3 c4 11. dxc4 dxc4 12. Qxd8 Rxd8 13. Nc5 Nb4 14. Re2 Rd1+
15. Bf1 b6 16. Na4 Bb7 17. Nc3 Rxf1+ 18. Kxf1 Bxf3 19. Rd2 Bxe5 20. Ne2 Be4 21.
c3 Nc2 0-1

[Event "IV Open Citta di Castellaneta"]
[Site "Castellaneta (TA)"]
[Date "2000.08.29"]
[Round "1"]
[White "Rausis, Igors"]
[Black "Capuano, Eugenio"]
[Result "1-0"]
[WhiteElo "2551"]
[BlackElo "2176"]
[PlyCount "53"]
[EventDate "2000.08.??"]

1. d4 f5 2. c4 Nf6 3. Nf3 g6 4. g3 Bg7 5. Bg2 O-O 6. O-O d6 7. b4 e5 8. dxe5
dxe5 9. Qb3 e4 10. Rd1 Qe8 11. Nd4 Kh8 12. Nc3 Nc6 13. Ncb5 Nxd4 14. Nxd4 Be6
15. Bf4 Rf7 16. Rac1 h6 17. Qb2 Ng4 18. f3 g5 19. Bxg5 hxg5 20. fxg4 f4 21.
Bxe4 Bxg4 22. Qc2 Re7 23. Bg6 Bxd4+ 24. Rxd4 Rxe2 25. Bxe8 Rxc2 26. Rxc2 Rxe8
27. gxf4 1-0

[Event "IV Open Citta di Castellaneta"]
[Site "Castellaneta (TA)"]
[Date "2000.08.29"]
[Round "1"]
[White "Spasov, Vasil"]
[Black "Curione, Francesco"]
[Result "1-0"]
[WhiteElo "2593"]
[BlackElo "2195"]
[PlyCount "67"]
[EventDate "2000.08.??"]

1. e4 g6 2. d4 Bg7 3. Nf3 d6 4. Bc4 e6 5. Nc3 Ne7 6. O-O Nd7 7. a4 a6 8. Re1
O-O 9. Be3 h6 10. Qd2 Kh7 11. Bd3 b6 12. h4 f5 13. h5 gxh5 14. exf5 Nxf5 15.
Ne2 Bb7 16. Nh4 Nf6 17. Nxf5 exf5 18. Bxf5+ Kg8 19. Be6+ Kh7 20. d5 Ng4 21. Nf4
Rxf4 22. Bxf4 Qf6 23. c3 Rf8 24. Re4 Ne5 25. Bxe5 dxe5 26. Rae1 Qg6 27. Rc4 c6
28. dxc6 Qxe6 29. Qd3+ e4 30. cxb7 exd3 31. Rxe6 Rd8 32. Rc8 Rd7 33. b8=Q d2
34. Rd6 1-0

[Event "IV Open Citta di Castellaneta"]
[Site "Castellaneta (TA)"]
[Date "2000.08.29"]
[Round "1"]
[White "Tamborino, Pasquale"]
[Black "Delizia, Costantino"]
[Result "1-0"]
[WhiteElo "1912"]
[BlackElo "2230"]
[PlyCount "97"]
[EventDate "2000.08.??"]

1. d4 e6 2. c4 Nf6 3. g3 Bb4+ 4. Bd2 Qe7 5. Bg2 Nc6 6. Nf3 Bxd2+ 7. Nbxd2 d6 8.
O-O O-O 9. e4 e5 10. d5 Nb8 11. b4 a5 12. a3 Na6 13. Rb1 Bd7 14. Qe2 Rfb8 15.
Ne1 axb4 16. axb4 b5 17. Nd3 bxc4 18. Nxc4 c6 19. dxc6 Bxc6 20. Rfd1 Nc7 21.
Na5 Bb5 22. Qd2 Ne6 23. f4 Ng4 24. Nf2 Qa7 25. Bf3 Nxf2 26. Qxf2 Nd4 27. Kg2
Rc8 28. Rbc1 Ba4 29. Rxc8+ Rxc8 30. Rd2 Qc7 31. Qe3 Qc1 32. Bg4 Bb5 33. Kh3 f5
34. exf5 Rc2 35. Nb3 Nxb3 36. Qxb3+ Rc4 37. Be2 Qxd2 38. Bxc4+ Bxc4 39. Qxc4+
Kf8 40. b5 exf4 41. Qxf4 Qxf4 42. gxf4 Ke7 43. Kg3 Kd7 44. Kf3 Kc7 45. Ke4 Kb6
46. Kd5 Kxb5 47. Kxd6 Kc4 48. f6 gxf6 49. Ke6 1-0

[Event "IV Open Citta di Castellaneta"]
[Site "Castellaneta (TA)"]
[Date "2000.08.29"]
[Round "1"]
[White "Tommasini, Enzo"]
[Black "De Santis, Alessio"]
[Result "0-1"]
[WhiteElo "2086"]
[BlackElo "2309"]
[PlyCount "114"]
[EventDate "2000.08.??"]

1. Nf3 f5 2. g3 g6 3. Bg2 Bg7 4. d4 Nf6 5. O-O O-O 6. c4 d6 7. Nc3 Qe8 8. d5 c5
9. Rb1 h6 10. b3 a6 11. a4 Nbd7 12. Bb2 g5 13. e3 Rb8 14. Re1 Qg6 15. Qc2 Ne5
16. Nd2 Qh5 17. f4 Ng6 18. Bf3 Ng4 19. Nf1 gxf4 20. exf4 Bd4+ 21. Kg2 Rf7 22.
Ne2 Qxh2+ 23. Nxh2 Ne3+ 24. Kf2 Nxc2+ 25. Bxd4 Nxe1 26. Rxe1 cxd4 27. Nxd4 Bd7
28. Bh5 Kh7 29. Nhf3 Rg7 30. a5 b6 31. axb6 Rxb6 32. Re3 a5 33. Nd2 Ra6 34. Nb1
Ra8 35. Bd1 Nf8 36. Bc2 Kg6 37. g4 Kf6 38. gxf5 Rg4 39. Kf3 h5 40. Nc3 Nh7 41.
Ne4+ Kf7 42. f6 Nxf6 43. Ng5+ Rxg5 44. fxg5 Ng4 45. Re1 Ne5+ 46. Kg3 a4 47.
Rf1+ Kg8 48. bxa4 Nxc4 49. Bg6 Rxa4 50. Bxh5 Ne3 51. Rf4 Rxd4 52. Rxd4 Nf5+ 53.
Kf4 Nxd4 54. Bd1 Kg7 55. Ke3 Nb5 56. Kf4 Nc3 57. Bf3 Bc8 *

[Event "IV Open Citta di Castellaneta"]
[Site "Castellaneta (TA)"]
[Date "2000.08.29"]
[Round "2"]
[White "Ausmins, Elmar"]
[Black "Lalic, Bogdan"]
[Result "0-1"]
[WhiteElo "2324"]
[BlackElo "2520"]
[PlyCount "100"]
[EventDate "2000.08.??"]

1. d4 Nf6 2. Nf3 e6 3. c4 Nc6 4. a3 d6 5. Nc3 g6 6. e4 Bg7 7. Be2 O-O 8. O-O
Re8 9. Re1 e5 10. dxe5 dxe5 11. Qxd8 Nxd8 12. Nd5 Ne6 13. Nxf6+ Bxf6 14. Be3 c5
15. b4 b6 16. bxc5 bxc5 17. Rab1 Ba6 18. Nd2 Nd4 19. Bxd4 cxd4 20. Bd3 Be7 21.
Rb3 Rab8 22. Reb1 Rxb3 23. Rxb3 Rc8 24. Kf1 Kg7 25. Ke2 Rc5 26. g3 Bg5 27. Nf3
Bd8 28. Rb8 Bb6 29. Nd2 Ra5 30. Nb1 Ra4 31. Re8 Bxc4 32. Rxe5 Ba2 33. Re7 Bxb1
34. Bxb1 Rxa3 35. e5 d3+ 36. Bxd3 Ra2+ 37. Kd1 Rxf2 38. e6 Kf8 39. Rxf7+ Rxf7
40. exf7 Kxf7 41. Ba6 Bg1 42. Ke2 Bxh2 43. Kf2 Ke7 44. Kg2 Bxg3 45. Kxg3 Kd6
46. Kf4 h6 47. Bd3 g5+ 48. Kg4 a5 49. Bc2 Kc5 50. Kh5 Kb4 0-1

[Event "IV Open Citta di Castellaneta"]
[Site "Castellaneta (TA)"]
[Date "2000.08.29"]
[Round "2"]
[White "Capuano, Eugenio"]
[Black "Artizzu, Giulio"]
[Result "1/2-1/2"]
[WhiteElo "2176"]
[BlackElo "2095"]
[PlyCount "86"]
[EventDate "2000.08.??"]

1. e4 c5 2. Nf3 d6 3. d4 cxd4 4. Nxd4 Nf6 5. Nc3 a6 6. Be3 e6 7. Be2 Be7 8. O-O
O-O 9. f4 Qc7 10. g4 Nc6 11. g5 Nxd4 12. Bxd4 Nd7 13. Bd3 e5 14. Nd5 Qd8 15.
Be3 exf4 16. Bxf4 Ne5 17. Qh5 Be6 18. Bxe5 dxe5 19. Nxe7+ Qxe7 20. Kh1 f6 21.
gxf6 gxf6 22. Qh4 Rf7 23. Rf2 Kh8 24. h3 Rg8 25. Rg1 Rxg1+ 26. Kxg1 Rg7+ 27.
Rg2 Rxg2+ 28. Kxg2 Qg7+ 29. Qg3 Qg5 30. Qxg5 fxg5 31. c4 Kg7 32. b4 Kf6 33. a4
Ke7 34. a5 h5 35. Be2 h4 36. b5 axb5 37. cxb5 Kd6 38. a6 bxa6 39. bxa6 Kc6 40.
Bb5+ Kb6 41. Be8 Kxa6 42. Bg6 Kb6 43. Bf5 Bf7 1/2-1/2

[Event "IV Open Citta di Castellaneta"]
[Site "Castellaneta (TA)"]
[Date "2000.08.29"]
[Round "2"]
[White "Castrogiovanni, Carlo"]
[Black "Esposito, Luca"]
[Result "1/2-1/2"]
[WhiteElo "2094"]
[BlackElo "2175"]
[PlyCount "90"]
[EventDate "2000.08.??"]

1. Nf3 c5 2. c4 Nc6 3. g3 g6 4. Bg2 Bg7 5. O-O e6 6. d3 d6 7. Nc3 Nge7 8. Bd2
O-O 9. Qc1 Re8 10. Bh6 Bh8 11. Bg5 f6 12. Bd2 Rb8 13. Rb1 e5 14. a3 Be6 15. b4
b6 16. h3 Qd7 17. Kh2 Rbc8 18. e4 Nd4 19. Qd1 Bg7 20. b5 Rf8 21. Nxd4 cxd4 22.
Ne2 f5 23. f3 Kh8 24. a4 Ng8 25. a5 Nf6 26. Ra1 Qd8 27. Bb4 fxe4 28. fxe4 Qe7
29. Ng1 Bh6 30. Nf3 Nd7 31. axb6 axb6 32. Ra7 Bg7 33. Qa4 Rf7 34. Qa3 Bf8 35.
Qc1 Qd8 36. h4 h6 37. Qa3 Nf6 38. Rxf7 Bxf7 39. Bh3 Ra8 40. Qb2 Ra4 41. Ra1 Qa8
42. Ra3 Kg7 43. Qb3 Rxa3 44. Qxa3 Qxa3 45. Bxa3 Nxe4 1/2-1/2

[Event "IV Open Citta di Castellaneta"]
[Site "Castellaneta (TA)"]
[Date "2000.08.29"]
[Round "2"]
[White "Chatalbashev, Boris"]
[Black "Benedetti, Fabrizio"]
[Result "1-0"]
[WhiteElo "2494"]
[BlackElo "2238"]
[PlyCount "65"]
[EventDate "2000.08.??"]

1. d4 d5 2. c4 e6 3. Nc3 Nf6 4. cxd5 exd5 5. Bg5 Be7 6. e3 c6 7. Bd3 Nbd7 8.
Qc2 O-O 9. Nf3 Re8 10. O-O Nf8 11. h3 g6 12. Bh6 Ne6 13. Ne5 Bf8 14. Bxf8 Rxf8
15. f4 Ng7 16. g4 Nd7 17. Nf3 Re8 18. Rae1 Nf8 19. Qg2 f5 20. Ne5 Be6 21. Rf3
Re7 22. Rg3 Kh8 23. Kh2 Rc8 24. Rg1 Rcc7 25. Qc2 a6 26. gxf5 gxf5 27. Bxf5 Nxf5
28. Qxf5 Rg7 29. Qh5 Rxg3 30. Rxg3 Rg7 31. f5 Bg8 32. Qh6 Rxg3 33. Kxg3 1-0

[Event "IV Open Citta di Castellaneta"]
[Site "Castellaneta (TA)"]
[Date "2000.08.29"]
[Round "2"]
[White "Coratella, Giuseppe"]
[Black "Collutiis, Duilio"]
[Result "0-1"]
[WhiteElo "2077"]
[BlackElo "2286"]
[PlyCount "76"]
[EventDate "2000.08.??"]

1. e4 c5 2. Nf3 Nc6 3. d4 cxd4 4. Nxd4 Qc7 5. Be3 e6 6. Nc3 a6 7. Qd2 Nf6 8. f3
b5 9. g4 h6 10. Rg1 Bb7 11. h4 Ne5 12. g5 hxg5 13. hxg5 Nh5 14. O-O-O Bb4 15.
a3 Bxc3 16. Qxc3 Qxc3 17. bxc3 d5 18. f4 Nc4 19. Bxc4 dxc4 20. e5 g6 21. Rd2
Ng7 22. Kb2 Rh3 23. Re2 Kd7 24. Kc1 Ne8 25. Rd1 Bd5 26. f5 Ng7 27. fxe6+ fxe6
28. Rf1 Nf5 29. Nxf5 exf5 30. Kd2 Ke6 31. Bf4 Rd8 32. Kc1 Rxc3 33. Rh2 Rxa3 34.
Kb2 b4 35. Re1 c3+ 36. Kb1 Ba2+ 37. Kc1 Bc4 38. Kb1 b3 0-1

[Event "IV Open Citta di Castellaneta"]
[Site "Castellaneta (TA)"]
[Date "2000.08.29"]
[Round "2"]
[White "Cucinella, Vincenzo"]
[Black "Cetkovic, Sergio"]
[Result "1-0"]
[WhiteElo "2116"]
[BlackElo "2192"]
[PlyCount "75"]
[EventDate "2000.08.??"]

1. d4 Nf6 2. Nf3 g6 3. g3 Bg7 4. Bg2 c5 5. c4 cxd4 6. Nxd4 O-O 7. O-O Nc6 8.
Nc3 Qb6 9. Nb3 d6 10. Nd5 Nxd5 11. cxd5 Ne5 12. Be3 Qb4 13. Bd4 Qb5 14. h3 a5
15. a4 Qa6 16. Bc3 b6 17. Re1 Nd7 18. Bxg7 Kxg7 19. Nd4 Nc5 20. Nc6 Re8 21.
Qd4+ Kg8 22. Ra3 Bd7 23. Re3 Bxc6 24. dxc6 Ra7 25. h4 Qc8 26. h5 Qf5 27. g4 Qg5
28. hxg6 hxg6 29. Rd1 f6 30. Qc4+ Kg7 31. Rd5 e5 32. Rxd6 Rae7 33. b4 axb4 34.
a5 Na4 35. Qxb4 Qf4 36. Qxf4 exf4 37. Rxe7+ Rxe7 38. Rd7 1-0

[Event "IV Open Citta di Castellaneta"]
[Site "Castellaneta (TA)"]
[Date "2000.08.29"]
[Round "2"]
[White "De Santis, Alessio"]
[Black "Grigore, George"]
[Result "1/2-1/2"]
[WhiteElo "2309"]
[BlackElo "2508"]
[PlyCount "29"]
[EventDate "2000.08.??"]

1. d4 Nf6 2. c4 g6 3. Nc3 Bg7 4. e4 d6 5. f3 O-O 6. Be3 a6 7. Bd3 c5 8. d5 Nbd7
9. Nge2 Ne5 10. O-O e6 11. Rb1 exd5 12. cxd5 Qa5 13. a3 c4 14. Bc2 Re8 15. Bd4
1/2-1/2

[Event "IV Open Citta di Castellaneta"]
[Site "Castellaneta (TA)"]
[Date "2000.08.29"]
[Round "2"]
[White "Delizia, Costantino"]
[Black "Raineri, Valerio"]
[Result "1/2-1/2"]
[WhiteElo "2230"]
[BlackElo "2136"]
[PlyCount "98"]
[EventDate "2000.08.??"]

1. e4 e5 2. Nf3 Nc6 3. Bb5 a6 4. Ba4 Nf6 5. O-O Be7 6. Re1 b5 7. Bb3 O-O 8. c3
d5 9. exd5 Nxd5 10. Nxe5 Nxe5 11. Rxe5 c6 12. d4 Bd6 13. Re1 Qh4 14. g3 Qh3 15.
Be3 Bg4 16. Qd3 Rae8 17. Nd2 Re6 18. Qf1 Qh5 19. a4 Rfe8 20. Bxd5 Qxd5 21. axb5
axb5 22. h3 Bf3 23. Nxf3 Qxf3 24. Bd2 h5 25. Rxe6 Rxe6 26. Re1 Rg6 27. Re3 Qf5
28. h4 Qg4 29. Qe2 Qxh4 30. Re4 Qf6 31. Qxh5 Be7 32. Qe5 Qxe5 33. Rxe5 Kf8 34.
Kg2 Ke8 35. f4 Rd6 36. Kf3 Rd7 37. f5 Ra7 38. Re2 Kd7 39. Ke4 Ra4 40. Bf4 Bd6
41. Bxd6 Kxd6 42. Kd3 Ra1 43. Re3 Rf1 44. Ke4 Rf2 45. b3 Rc2 46. Rf3 Rc1 47.
Kd3 Kd5 48. Kd2 Rb1 49. Kc2 Rg1 1/2-1/2

[Event "IV Open Citta di Castellaneta"]
[Site "Castellaneta (TA)"]
[Date "2000.08.29"]
[Round "2"]
[White "Efimov, Igor"]
[Black "Orlov, Andrey"]
[Result "1-0"]
[WhiteElo "2541"]
[BlackElo "2367"]
[PlyCount "119"]
[EventDate "2000.08.??"]

1. d4 Nf6 2. c4 c5 3. d5 e6 4. Nc3 exd5 5. cxd5 d6 6. Nf3 g6 7. Bg5 Bg7 8. e3
O-O 9. Be2 a6 10. a4 Bg4 11. O-O Nbd7 12. Nd2 Bxe2 13. Qxe2 Re8 14. a5 Qc7 15.
Rfc1 Ne5 16. h3 b6 17. axb6 Qxb6 18. f4 Ned7 19. Nc4 Qb8 20. Qf3 Nb6 21. Na5
Qc8 22. e4 Nfd7 23. Nc6 f6 24. Bh4 Nb8 25. e5 Nxc6 26. dxc6 fxe5 27. Ne4 d5 28.
Nd6 Qxc6 29. Nxe8 e4 30. Qb3 Rxe8 31. Rxa6 Bd4+ 32. Kh1 c4 33. Qd1 Bxb2 34. Rc2
Bf6 35. Be1 d4 36. Rb2 Rb8 37. Ba5 c3 38. Rbxb6 Rxb6 39. Rxb6 c2 40. Qc1 Qc5
41. Rxf6 e3 42. Re6 Qc4 43. Re8+ Kf7 44. Rd8 Qd3 45. Kh2 Qe4 46. Rxd4 Qxd4 47.
Qxc2 Qxf4+ 48. Kg1 Qd4 49. Qc7+ Ke8 50. Qc6+ Kf7 51. Bc3 Qd1+ 52. Kh2 e2 53.
Qf3+ Ke8 54. Qe4+ Kd7 55. Bb4 Qf1 56. Qb7+ Ke6 57. Qc6+ Ke5 58. Bc3+ Kf4 59.
Qe6 h5 60. Bd2# 1-0

[Event "IV Open Citta di Castellaneta"]
[Site "Castellaneta (TA)"]
[Date "2000.08.29"]
[Round "2"]
[White "Ficco, Corrado"]
[Black "Rizzo, Giovanbattista"]
[Result "1-0"]
[WhiteElo "2144"]
[BlackElo "2068"]
[PlyCount "43"]
[EventDate "2000.08.??"]

1. e4 c5 2. Nf3 d6 3. d4 cxd4 4. Nxd4 Nf6 5. Nc3 g6 6. Be3 Bg7 7. f3 Nc6 8. Qd2
Bd7 9. g4 Rc8 10. h4 Ne5 11. h5 Nxf3+ 12. Nxf3 Bxg4 13. h6 Bf8 14. Bb5+ Nd7 15.
Ng5 a6 16. Bxd7+ Qxd7 17. Nd5 Qc6 18. Bd4 f6 19. Bxf6 exf6 20. Nxf6+ Kd8 21.
Nxg4 Be7 22. O-O-O 1-0

[Event "IV Open Citta di Castellaneta"]
[Site "Castellaneta (TA)"]
[Date "2000.08.29"]
[Round "2"]
[White "Foisor, Cristina"]
[Black "Palac, Mladen"]
[Result "0-1"]
[WhiteElo "2386"]
[BlackElo "2573"]
[PlyCount "84"]
[EventDate "2000.08.??"]

1. Nf3 d5 2. g3 g6 3. Bg2 Bg7 4. O-O e5 5. d3 Ne7 6. c3 O-O 7. e4 Nbc6 8. b4
dxe4 9. dxe4 Qxd1 10. Rxd1 Be6 11. Be3 Rfd8 12. Rd2 h6 13. Na3 a6 14. Rad1 Bxa2
15. Bh3 f5 16. Rxd8+ Rxd8 17. Rxd8+ Nxd8 18. Bc5 fxe4 19. Nh4 Nd5 20. Nxg6 Kf7
21. Nh4 Nxc3 22. Nf5 Be6 23. Bg4 Nc6 24. Bh5+ Kf6 25. Nxg7 Kxg7 26. Nc2 Bb3 27.
Ne1 b6 28. Be3 Nxb4 29. Bd2 Nbd5 30. Ng2 Bd1 31. g4 Ne2+ 32. Kf1 Nef4 33. Ne3
Nxe3+ 34. fxe3 Nd3 35. h3 b5 36. Be8 c5 37. Bc6 Bf3 38. Bb7 Nb4 39. Bc3 Kf6 40.
Ke1 Nd3+ 41. Kf1 b4 42. Ba1 c4 0-1

[Event "IV Open Citta di Castellaneta"]
[Site "Castellaneta (TA)"]
[Date "2000.08.29"]
[Round "2"]
[White "Foisor, Ovidiu"]
[Black "Spasov, Vasil"]
[Result "0-1"]
[WhiteElo "2404"]
[BlackElo "2593"]
[PlyCount "82"]
[EventDate "2000.08.??"]

1. c4 g6 2. g3 Bg7 3. Bg2 Nf6 4. Nf3 O-O 5. O-O d6 6. Nc3 e5 7. d3 h6 8. Rb1 a5
9. a3 Nc6 10. b4 axb4 11. axb4 Be6 12. Nd2 d5 13. b5 Ne7 14. Na4 b6 15. Qc2 Nf5
16. e3 Ng4 17. cxd5 Ngxe3 18. fxe3 Nxe3 19. Qb3 Bxd5 20. Bxd5 Qxd5 21. Qxd5
Nxd5 22. Ra1 Ne3 23. Ra2 Nxf1 24. Kxf1 Rfd8 25. Ke2 Rd4 26. Nc3 Rad8 27. Ra7
R8d7 28. Na2 Rxd3 29. Nb4 Rc3 30. Bb2 Rc5 31. Ba3 Rxb5 32. Nc6 f5 33. h4 Bf6
34. h5 gxh5 35. Nc4 f4 36. gxf4 exf4 37. Nd2 h4 38. Ne4 Bg7 39. Bc1 h3 40. Ra3
h2 41. Rh3 Rb1 0-1

[Event "IV Open Citta di Castellaneta"]
[Site "Castellaneta (TA)"]
[Date "2000.08.29"]
[Round "2"]
[White "Glek, Igor"]
[Black "Tamborino, Pasquale"]
[Result "1-0"]
[WhiteElo "2553"]
[BlackElo "1912"]
[PlyCount "55"]
[EventDate "2000.08.??"]

1. e4 e5 2. Nf3 Nc6 3. Nc3 Nf6 4. g3 Bc5 5. Bg2 d6 6. d3 a6 7. O-O O-O 8. h3
Be6 9. Kh2 Nd4 10. Nxd4 exd4 11. Ne2 d5 12. e5 Nd7 13. f4 f5 14. b4 Bb6 15. Bb2
c6 16. Nxd4 Bxd4 17. Bxd4 Re8 18. a4 Nf8 19. Qd2 Bf7 20. Bc5 Ne6 21. Bd6 Kh8
22. c4 dxc4 23. dxc4 Rg8 24. Qd3 g6 25. b5 axb5 26. axb5 Qd7 27. bxc6 bxc6 28.
Qe3 1-0

[Event "IV Open Citta di Castellaneta"]
[Site "Castellaneta (TA)"]
[Date "2000.08.29"]
[Round "2"]
[White "Gorbatow, Alexej"]
[Black "Polushkina, Svetlana"]
[Result "1-0"]
[WhiteElo "2410"]
[BlackElo "2090"]
[PlyCount "47"]
[EventDate "2000.08.??"]

1. d4 d5 2. Bg5 Nf6 3. Nd2 e6 4. e3 Be7 5. Bd3 Nbd7 6. f4 c5 7. c3 Qb6 8. Rb1
Qa5 9. a3 c4 10. Bc2 h6 11. Bh4 O-O 12. Ngf3 Qd8 13. Qe2 Rb8 14. O-O b5 15. Ne5
Bb7 16. f5 exf5 17. Rxf5 Nxe5 18. Rxe5 Re8 19. Rf1 Nd7 20. Qh5 Nxe5 21. dxe5
Rf8 22. Bf6 Bc8 23. Rf3 Rb6 24. Qxh6 1-0

[Event "IV Open Citta di Castellaneta"]
[Site "Castellaneta (TA)"]
[Date "2000.08.29"]
[Round "2"]
[White "Gueci, Riccardo"]
[Black "Tommasini, Enzo"]
[Result "1/2-1/2"]
[WhiteElo "2169"]
[BlackElo "2086"]
[PlyCount "20"]
[EventDate "2000.08.??"]

1. e4 e6 2. d4 d5 3. Nc3 Nf6 4. Bg5 Bb4 5. exd5 Qxd5 6. Bxf6 gxf6 7. Qd2 Bxc3
8. Qxc3 Nc6 9. Nf3 Rg8 10. Rg1 Bd7 1/2-1/2

[Event "IV Open Citta di Castellaneta"]
[Site "Castellaneta (TA)"]
[Date "2000.08.29"]
[Round "2"]
[White "Iordachescu, Viorel"]
[Black "Aleksic, Nenad"]
[Result "1/2-1/2"]
[WhiteElo "2594"]
[BlackElo "2407"]
[PlyCount "62"]
[EventDate "2000.08.??"]

1. e4 c5 2. Nf3 d6 3. d4 cxd4 4. Nxd4 Nf6 5. Nc3 a6 6. Be3 e6 7. g4 h5 8. g5
Ng4 9. Bc1 Qb6 10. h3 Ne5 11. Be2 g6 12. f4 Nec6 13. Nb3 Nd7 14. Bf3 Qc7 15.
Be3 b5 16. Qe2 Bb7 17. O-O-O Be7 18. Kb1 Rc8 19. Rh2 Na5 20. Bd4 e5 21. fxe5
dxe5 22. Be3 Nc4 23. Bc1 Ndb6 24. Nd5 Bxd5 25. exd5 Na4 26. Rd3 O-O 27. Be4 Nd6
28. h4 Rfd8 29. Rf2 Bf8 30. c3 Bg7 31. Rf1 Rd7 1/2-1/2

[Event "IV Open Citta di Castellaneta"]
[Site "Castellaneta (TA)"]
[Date "2000.08.29"]
[Round "2"]
[White "Ljubisavljevic, Zivojin"]
[Black "Alaimo, Riccardo"]
[Result "0-1"]
[WhiteElo "2282"]
[BlackElo "2089"]
[PlyCount "82"]
[EventDate "2000.08.??"]

1. b3 e5 2. Bb2 Nc6 3. e3 d5 4. Bb5 Bd6 5. Nf3 Qe7 6. d4 e4 7. Ne5 Bd7 8. Nxd7
Qxd7 9. c4 a6 10. Ba4 b5 11. cxb5 Nb4 12. bxa6 c6 13. O-O Nf6 14. Ba3 Rxa6 15.
Bxb4 Bxb4 16. Nd2 O-O 17. f4 Qd6 18. Qe2 Ra7 19. Rfc1 Rc7 20. h3 Rfc8 21. Rc2
c5 22. a3 Ba5 23. dxc5 Rxc5 24. Rxc5 Qxc5 25. b4 Qc3 26. Re1 Bb6 27. Nb1 Qc7
28. Kh1 d4 29. exd4 Qxf4 30. Nd2 Bc7 31. Nf1 Rd8 32. Qe3 Qh4 33. Bc6 Ng4 34.
Qe2 Rxd4 35. Rc1 Nf2+ 36. Kg1 Nxh3+ 37. gxh3 Qg5+ 38. Qg2 Qxc1 39. Bxe4 Bb6 40.
Kh2 Qf4+ 41. Ng3 Rd2 0-1

[Event "IV Open Citta di Castellaneta"]
[Site "Castellaneta (TA)"]
[Date "2000.08.29"]
[Round "2"]
[White "Miezis, Normunds"]
[Black "Martorelli, Antonio"]
[Result "1-0"]
[WhiteElo "2518"]
[BlackElo "2272"]
[PlyCount "77"]
[EventDate "2000.08.??"]

1. c4 e5 2. Nc3 Nf6 3. g3 Bb4 4. Bg2 O-O 5. e4 Bxc3 6. dxc3 d6 7. Qe2 Nbd7 8.
Nf3 b6 9. O-O Bb7 10. Nh4 Nc5 11. f3 a5 12. Nf5 Kh8 13. Be3 Nh5 14. f4 g6 15.
fxe5 dxe5 16. Rad1 Qe8 17. Bxc5 bxc5 18. Ne3 Qa4 19. b3 Qa3 20. Rd7 a4 21. Qc2
axb3 22. axb3 f6 23. Rxc7 Rab8 24. Qd1 Rfd8 25. Rxb7 Rxd1 26. Rxb8+ Rd8 27.
Rxd8+ Kg7 28. Ng4 g5 29. Rfd1 Kg6 30. Rg8+ Ng7 31. Rd7 Qc1+ 32. Bf1 Kh5 33.
Nxf6+ Kg6 34. Ng4 Kh5 35. Nf2 h6 36. Rgxg7 g4 37. Rge7 Qxc3 38. Rd6 Kg5 39.
Ree6 1-0

[Event "IV Open Citta di Castellaneta"]
[Site "Castellaneta (TA)"]
[Date "2000.08.29"]
[Round "2"]
[White "Naumkin, Igor"]
[Black "Indelicati, Giuseppe"]
[Result "1-0"]
[WhiteElo "2440"]
[BlackElo "2202"]
[PlyCount "69"]
[EventDate "2000.08.??"]

1. d4 Nf6 2. Nf3 g6 3. c4 Bg7 4. Nc3 O-O 5. e4 d6 6. Be2 Bg4 7. Be3 Nfd7 8. O-O
Bxf3 9. Bxf3 Nc6 10. d5 Na5 11. Be2 Bxc3 12. bxc3 e5 13. dxe6 fxe6 14. f4 b6
15. Qe1 Qe7 16. Rd1 Rae8 17. Qg3 Nb7 18. e5 Nbc5 19. exd6 cxd6 20. Bf3 Nf6 21.
Bc1 Qc7 22. Rfe1 Ncd7 23. Kh1 Nc5 24. h4 Re7 25. Qh3 Ref7 26. Be3 Nfd7 27. Bg4
e5 28. Be6 Nxe6 29. Qxe6 exf4 30. Bxf4 Ne5 31. Rxd6 Nxc4 32. Rd4 Qc8 33. Qd5
Re8 34. Rxe8+ Qxe8 35. Re4 1-0

[Event "IV Open Citta di Castellaneta"]
[Site "Castellaneta (TA)"]
[Date "2000.08.29"]
[Round "2"]
[White "Passerotti, Pierluigi"]
[Black "Mrdja, Milan"]
[Result "1/2-1/2"]
[WhiteElo "2265"]
[BlackElo "2431"]
[PlyCount "73"]
[EventDate "2000.08.??"]

1. d4 Nf6 2. Nf3 g6 3. c4 Bg7 4. Nc3 O-O 5. e4 d6 6. Be2 c5 7. O-O Nc6 8. d5
Na5 9. a3 Bg4 10. Nd2 Bxe2 11. Qxe2 Rc8 12. Rb1 Re8 13. Nd1 b6 14. b4 Nb7 15.
Bb2 e6 16. dxe6 Rxe6 17. Qd3 cxb4 18. axb4 a5 19. Ne3 axb4 20. Bxf6 Bxf6 21.
Rxb4 Nc5 22. Qe2 Bd4 23. Nd5 Nd7 24. Nb3 Bc5 25. Nxc5 bxc5 26. Rb7 Nf6 27. Nc3
Rc7 28. Rxc7 Qxc7 29. f4 Re8 30. Qd3 Qc6 31. Re1 Qb6 32. e5 dxe5 33. fxe5 Qb8
34. Qg3 Nd7 35. Ne4 Qb2 36. Qf2 Qxf2+ 37. Kxf2 1/2-1/2

[Event "IV Open Citta di Castellaneta"]
[Site "Castellaneta (TA)"]
[Date "2000.08.29"]
[Round "2"]
[White "Piscopo, Pierluigi"]
[Black "Genocchio, Daniele"]
[Result "1-0"]
[WhiteElo "2134"]
[BlackElo "2201"]
[PlyCount "63"]
[EventDate "2000.08.??"]

1. e4 c5 2. Nf3 Nc6 3. d4 cxd4 4. Nxd4 g6 5. Nc3 Bg7 6. Be3 Nf6 7. Bc4 Qa5 8.
O-O O-O 9. Bb3 d6 10. h3 Bd7 11. f4 Rfe8 12. Nf3 Rac8 13. Qd2 Red8 14. Rad1 b6
15. Qf2 h6 16. Qg3 Qh5 17. e5 Ne8 18. Nh4 Bf5 19. Bd5 Nxe5 20. fxe5 Bxe5 21.
Qf2 Bf6 22. Nxf5 gxf5 23. Bf3 Qg6 24. Nd5 e5 25. c3 f4 26. Bc1 Kh8 27. Qe2 Bh4
28. Bh5 Qg8 29. Qg4 Qxg4 30. Bxg4 Rc5 31. a4 Ng7 32. Be2 *

[Event "IV Open Citta di Castellaneta"]
[Site "Castellaneta (TA)"]
[Date "2000.08.29"]
[Round "2"]
[White "Pulito, Alberto"]
[Black "Ferretti, Folco"]
[Result "0-1"]
[WhiteElo "2086"]
[BlackElo "2278"]
[PlyCount "80"]
[EventDate "2000.08.??"]

1. e4 e5 2. Nf3 Nc6 3. Nc3 Nf6 4. Bb5 Bb4 5. O-O O-O 6. d3 d6 7. Bg5 Bxc3 8.
bxc3 Qe7 9. Re1 Nd8 10. d4 Ne6 11. Bc1 c5 12. a4 Rd8 13. Ng5 cxd4 14. Nxe6 fxe6
15. cxd4 exd4 16. Qxd4 e5 17. Qb4 Be6 18. Ba3 Rac8 19. f4 Rxc2 20. Bd3 Rc5 21.
Qb2 exf4 22. Bxc5 dxc5 23. Rad1 Ng4 24. Bf1 c4 25. Rxd8+ Qxd8 26. Rc1 Qd6 27.
h3 Qc5+ 28. Kh1 Nf2+ 29. Kh2 Nxe4 30. Re1 Qd5 31. Qb5 Qxb5 32. axb5 Nc5 33. Re5
b6 34. Re1 Kf7 35. Ra1 c3 36. Rxa7+ Kf6 37. Ra3 c2 38. Rc3 Bf5 39. g4 fxg3+ 40.
Kg1 Nb3 0-1

[Event "IV Open Citta di Castellaneta"]
[Site "Castellaneta (TA)"]
[Date "2000.08.29"]
[Round "2"]
[White "Safranska, Anda"]
[Black "Gardon, Ermanno"]
[Result "1-0"]
[WhiteElo "2337"]
[BlackElo "2081"]
[PlyCount "61"]
[EventDate "2000.08.??"]

1. e4 e6 2. d4 c5 3. Nf3 cxd4 4. Nxd4 Nf6 5. Bd3 Nc6 6. c3 Bc5 7. Nb3 Bb6 8. h3
d5 9. exd5 Qxd5 10. O-O O-O 11. Qe2 Qe5 12. Re1 Qxe2 13. Rxe2 Rd8 14. Bc2 Nd5
15. Na3 a6 16. g3 Ba7 17. Be4 e5 18. Bg2 Bf5 19. Re1 Bd3 20. Bg5 f6 21. Rad1 e4
22. Bc1 Re8 23. Rxd3 exd3 24. Bxd5+ Kf8 25. Rf1 Rad8 26. Bf3 Rd7 27. Nc4 f5 28.
Bf4 Re6 29. Kg2 b5 30. Bxc6 Rxc6 31. Ne5 1-0